| 000 | 00773nam a2200277Ia 4500 | ||
|---|---|---|---|
| 003 | OSt | ||
| 005 | 20221006145215.0 | ||
| 006 | a|||||r|||| 00| 0 | ||
| 007 | ta | ||
| 008 | 221006b |||||||| |||| 00| 0 chi d | ||
| 020 |
_a9787561905692 _cYu 17.00 |
||
| 024 | _a14,124 | ||
| 037 |
_bGift, PRC _cTextual |
||
| 040 |
_aEASL _cEASL _bchi |
||
| 041 |
_2chi _achi |
||
| 082 | _aP41, N7 | ||
| 100 |
_aWANG Jian Qin Ed. _9653734 |
||
| 245 | 0 | _aHanyu zuo wei di er yuyan de xide yanjiu | |
| 260 |
_aBeijing _bBeijing Yuyan Wenhua Daxue Chubanshe China _c1997 |
||
| 300 |
_a258p. _ccm. |
||
| 490 | _v CL | ||
| 650 |
_a CL _9642733 |
||
| 650 |
_aLinguistic _9558313 |
||
| 942 |
_hP41, N7 _cTEXL _2CC |
||
| 999 |
_c1082210 _d1082210 |
||